[Event "WchT Blitz Pool A"]
[Site "London"]
[Date "2025.06.14"]
[Round "5.4"]
[White "Mesropov, Konstantin Eduard"]
[Black "Al Mudahka, Mohd"]
[Result "1-0"]
[WhiteElo "2458"]
[BlackElo "2542"]
[PlyCount "65"]
[EventDate "2025.06.14"]
[EventType "team-tourn"]
[EventRounds "13"]
[EventCountry "ENG"]
[SourceTitle "CB25_2025"]
[SourceDate "2025.06.18"]
[SourceVersion "1"]
[SourceVersionDate "2025.06.18"]
[SourceQuality "1"]
[WhiteTeam "Global Ramblers"]
[BlackTeam "FIDE MB Team"]
[WhiteTeamCountry "UKR"]

1. d4 Nf6 2. Bf4 d6 3. e3 g6 4. h3 Bg7 5. Nf3 0-0 6. Be2 Nbd7 7. 0-0 b6 8. a4 a5 9. Bh2 Bb7 10. c3 Re8 11. Na3 Ne4 12. Nb5 c6 13. Na3 e5 14. dxe5 Nxe5 15. Qc2 Nxf3+ 16. Bxf3 d5 17. Rad1 Qf6 18. Bc7 c5 19. Nb5 Ba6 20. Bxe4 Rxe4 21. Rxd5 Rxa4 22. Qxa4 Qc6 23. c4 Bxb5 24. Qxb5 Qxc7 25. Rfd1 h5 26. b3 Rf8 27. Qd7 Qb8 28. Qe7 Kh7 29. Rd8 Rxd8 30. Rxd8 Qe5 31. Qxe5 Bxe5 32. Rd7 Kg7 33. Rb7 1-0

[Event "WchT Blitz Pool A"]
[Site "London"]
[Date "2025.06.14"]
[Round "2.4"]
[White "Vincent, Trevor"]
[Black "Mesropov, Konstantin Eduard"]
[Result "0-1"]
[WhiteElo "2226"]
[BlackElo "2458"]
[PlyCount "55"]
[EventDate "2025.06.14"]
[EventType "team-tourn"]
[EventRounds "13"]
[EventCountry "ENG"]
[SourceTitle "CB25_2025"]
[SourceDate "2025.06.18"]
[SourceVersion "1"]
[SourceVersionDate "2025.06.18"]
[SourceQuality "1"]
[WhiteTeam "ChessbrahTV"]
[BlackTeam "Global Ramblers"]
[WhiteTeamCountry "CAN"]
[BlackTeamCountry "UKR"]

1. Nf3 d5 2. d4 e6 3. c4 c6 4. g3 f5 5. Bg2 Nf6 6. 0-0 Bd6 7. Nc3 0-0 8. Qc2 Ne4 9. Rb1 Qe7 10. a3 a5 11. Bf4 Nd7 12. Bxd6 Nxd6 13. c5 Ne4 14. b4 axb4 15. axb4 e5 16. e3 Nxc3 17. Qxc3 e4 18. Nd2 g5 19. b5 f4 20. exf4 gxf4 21. gxf4 Nf6 22. f3 e3 23. Rbe1 Qg7 24. Qxe3 Bh3 25. Re2 Nh5 26. Kh1 Bf5 27. Rg1 Kh8 28. Bh3 0-1

[Event "WchT Rapid"]
[Site "London"]
[Date "2025.06.13"]
[Round "12.3"]
[White "Cumming, Rhys"]
[Black "Mesropov, Konstantin Eduard"]
[Result "1-0"]
[WhiteElo "2223"]
[BlackElo "2473"]
[PlyCount "77"]
[EventDate "2025.06.11"]
[EventType "team-swiss"]
[EventRounds "12"]
[EventCountry "ENG"]
[SourceTitle "CB25_2025"]
[SourceDate "2025.06.18"]
[SourceVersion "1"]
[SourceVersionDate "2025.06.18"]
[SourceQuality "1"]
[WhiteTeam "Chess Rising Stars"]
[BlackTeam "Global Ramblers"]
[WhiteTeamCountry "GRE"]
[BlackTeamCountry "UKR"]

1. e4 e6 2. d4 d5 3. Nd2 Nf6 4. e5 Nfd7 5. c3 c5 6. Bd3 Nc6 7. Ne2 cxd4 8. cxd4 f6 9. exf6 Nxf6 10. 0-0 Bd6 11. Nf3 Qc7 12. Nc3 a6 13. Bd2 0-0 14. Rc1 Bd7 15. Re1 Rae8 16. Na4 Qd8 17. Nc5 Bxc5 18. Rxc5 Qb6 19. b4 Ne4 20. Rxe4 dxe4 21. Bxe4 g6 22. a3 Ne7 23. Ne5 Bc6 24. Bxc6 Nxc6 25. Nd7 Qd8 26. Nxf8 Rxf8 27. Be3 Rf7 28. Qg4 Qf6 29. h4 Rd7 30. d5 Rxd5 31. Rxd5 exd5 32. Qc8+ Kf7 33. Qxb7+ Ke8 34. Qxa6 Qa1+ 35. Kh2 Qe5+ 36. g3 Ne7 37. Bc5 d4 38. Qb5+ Kf8 39. Qd7 1-0

[Event "WchT Rapid"]
[Site "London"]
[Date "2025.06.12"]
[Round "5.4"]
[White "Moreby, James"]
[Black "Mesropov, Konstantin Eduard"]
[Result "0-1"]
[WhiteElo "2210"]
[BlackElo "2473"]
[PlyCount "214"]
[EventDate "2025.06.11"]
[EventType "team-swiss"]
[EventRounds "12"]
[EventCountry "ENG"]
[SourceTitle "CB25_2025"]
[SourceDate "2025.06.18"]
[SourceVersion "1"]
[SourceVersionDate "2025.06.18"]
[SourceQuality "1"]
[WhiteTeam "Sharks 4NCL"]
[BlackTeam "Global Ramblers"]
[WhiteTeamCountry "ENG"]
[BlackTeamCountry "UKR"]

1. c4 e5 2. Nc3 Nf6 3. Nf3 e4 4. Ng5 c6 5. Qa4 Qe7 6. Qc2 b5 7. cxb5 d5 8. e3 Qe5 9. f4 Qc7 10. b3 a6 11. Bb2 axb5 12. Nxb5 Qb7 13. Nd4 h6 14. Nh3 Be7 15. Nf2 c5 16. Nb5 0-0 17. a4 Nc6 18. Ba3 d4 19. Bxc5 d3 20. Qc1 Na5 21. Nd4 Bxc5 22. Qxc5 Nxb3 23. Nxb3 Qxb3 24. Qd4 Bb7 25. g3 Rfd8 26. Qe5 Rd5 27. Qe7 Qb2 28. Qa3 Qxa3 29. Rxa3 Rda5 30. Bg2 Rxa4 31. Rxa4 Rxa4 32. 0-0 Bd5 33. g4 g5 34. fxg5 hxg5 35. Nd1 Ra1 36. Nc3 Rxf1+ 37. Kxf1 Bc6 38. h4 gxh4 39. g5 Nh5 40. Kf2 Ng3 41. Na2 Bd7 42. Nb4 Bf5 43. Nd5 Kg7 44. Nf4 Ne2 45. Nd5 h3 46. Bh1 Kg6 47. Nf6 Kxg5 48. Nxe4+ Kh4 49. Nd6 Bg6 50. Nc4 Ng3 51. Bd5 h2 52. Ne5 Bh5 53. Bg2 h1Q 54. Bxh1 Nxh1+ 55. Kg2 Ng3 56. Nxd3 Ne4 57. Nf4 Nxd2 58. Kf2 Ne4+ 59. Kg2 Bg4 60. Nd3 f6 61. Nf4 Kg5 62. Nd5 Kf5 63. Ne7+ Ke6 64. Ng6 Kd5 65. Nf4+ Kc4 66. Kf1 Nc3 67. Ke1 Nd5 68. Ng6 Kd3 69. Kf2 Bf5 70. Nh8 Nxe3 71. Nf7 Be6 72. Nd6 Nc4 73. Ne8 f5 74. Ng7 Bd7 75. Nxf5 Bxf5 76. Kf3 Be4+ 77. Kf4 Kd4 78. Kg5 Ke5 79. Kh6 Kf5 80. Kg7 Nd6 81. Kh7 Kf6+ 82. Kh8 Nf7+ 83. Kg8 Bd3 84. Kf8 Bh7 85. Ke8 Ne5 86. Kd8 Be4 87. Kc7 Nc4 88. Kd7 Kf7 89. Kd8 Bc6 90. Kc7 Bb5 91. Kd8 Ke6 92. Kc8 Kd6 93. Kd8 Ne5 94. Kc8 Bc6 95. Kd8 Ng4 96. Kc8 Nf6 97. Kd8 Nd7 98. Ke8 Bd5 99. Kd8 Bf7 100. Kc8 Nc5 101. Kd8 Nb7+ 102. Kc8 Kc6 103. Kb8 Kb6 104. Kc8 Be6+ 105. Kb8 Nc5 106. Ka8 Bd7 107. Kb8 Na6+ 0-1

[Event "ISR-chT"]
[Site "Israel"]
[Date "2025.02.28"]
[Round "9.5"]
[White "Mesropov, Konstantin Eduard"]
[Black "Klenburg, Mikhail"]
[Result "1/2-1/2"]
[WhiteElo "2447"]
[BlackElo "2332"]
[PlyCount "358"]
[EventDate "2025.01.08"]
[EventType "team-tourn"]
[EventRounds "11"]
[EventCountry "ISR"]
[SourceTitle "CB12_2025"]
[SourceDate "2025.03.19"]
[SourceVersion "1"]
[SourceVersionDate "2025.03.19"]
[SourceQuality "1"]
[WhiteTeam "Ramat Gan Etude II"]
[BlackTeam "Beer Sheva II"]
[WhiteTeamCountry "ISR"]
[BlackTeamCountry "ISR"]

1. Nf3 Nf6 2. c4 g6 3. g3 Bg7 4. Bg2 0-0 5. 0-0 d6 6. Nc3 e5 7. d3 h6 8. Rb1 a5 9. a3 Nc6 10. b4 axb4 11. axb4 Be6 12. Nd2 Rb8 13. b5 Ne7 14. Ba3 c6 15. bxc6 bxc6 16. Nde4 Nxe4 17. Nxe4 c5 18. Rxb8 Qxb8 19. Qa4 Rd8 20. Nc3 Bd7 21. Qa6 Bc8 22. Qa5 Rd7 23. Rb1 Qa7 24. Qxa7 Rxa7 25. Nb5 Ra6 26. Nxd6 Rxa3 27. Nxc8 Nxc8 28. Rb8 Ra1+ 29. Bf1 Bf8 30. Rxc8 Kg7 31. Kg2 h5 32. h4 Be7 33. Rc7 Kf8 34. e3 Re1 35. Rd7 f6 36. Ra7 Kf7 37. Ra2 f5 38. Be2 Rc1 39. Bf3 Rc3 40. Bd5+ Kf8 41. Rd2 Kg7 42. Kf3 g5 43. hxg5 Bxg5 44. Rd1 Kf6 45. Bc6 Ke7 46. Bb7 Kf6 47. Bc6 Ke7 48. Rd2 Kf6 49. Be8 h4 50. gxh4 Bxh4 51. Bc6 Bg5 52. Ke2 Bh4 53. Ra2 Rb3 54. Ba4 Rb6 55. Bb5 Ke6 56. Ra8 Bf6 57. Ra7 Bh4 58. Rc7 Be7 59. Ra7 Rd6 60. Ra8 Rd8 61. Ra6+ Rd6 62. Ra1 Bf6 63. Rh1 Bg7 64. Rh5 Kf6 65. Rh3 Ke6 66. Rg3 Bf6 67. Rg1 Rd8 68. Rh1 Rh8 69. Ra1 Rd8 70. Bc6 Be7 71. Bd5+ Kf6 72. Kf3 Rd6 73. Rh1 Kg6 74. Rb1 Ra6 75. Rb7 Bh4 76. Rb2 Bf6 77. e4 Ra3 78. exf5+ Kxf5 79. Be4+ Ke6 80. Rb6+ Ke7 81. Rc6 Ra5 82. Bd5 Bh4 83. Re6+ Kd8 84. Rh6 Bg5 85. Rh8+ Kc7 86. Ke4 Ra2 87. Kf5 Bc1 88. f3 Re2 89. Be4 Bb2 90. Ke6 Bd4 91. Rh7+ Kb6 92. Rb7+ Ka5 93. Kd5 Rh2 94. Rb1 Rh8 95. Bf5 Rf8 96. Bg4 Ka4 97. Rb5 Rd8+ 98. Kc6 Be3 99. Bf5 Rf8 100. Be4 Bd4 101. Rb7 Rf6+ 102. Kd5 Rf8 103. Ra7+ Kb4 104. Rb7+ Kc3 105. Ke6 Re8+ 106. Kf7 Rh8 107. Re7 Rh6 108. Rd7 Ra6 109. Ke7 Rh6 110. Ra7 Kd2 111. Ra2+ Ke3 112. Rg2 Ra6 113. Rh2 Rb6 114. Rh3 Kf4 115. Bd5 Ra6 116. Kd7 Rb6 117. Bc6 Rb3 118. Be4 Rb6 119. Rh1 Ke3 120. Kc7 Rf6 121. Rh3 Ke2 122. Kb7 Ke3 123. Rh4 Ke2 124. Kc7 Ke3 125. Kd7 Ke2 126. Ke7 Ra6 127. f4 exf4 128. Rxf4 Kd2 129. Kd7 Rh6 130. Rf3 Ke2 131. Rf5 Kd2 132. Rd5 Kc3 133. Kc7 Rf6 134. Rh5 Re6 135. Rh3 Rf6 136. Bc6 Re6 137. Be4 Rf6 138. Kb7 Re6 139. Rh2 Rf6 140. Ra2 Rh6 141. Ra3+ Kb4 142. Ra8 Kc3 143. Rf8 Rf6 144. Rd8 Rh6 145. Re8 Rf6 146. Rg8 Rh6 147. Rg5 Rf6 148. Rg4 Re6 149. Rg3 Rf6 150. Rh3 Re6 151. Kc7 Rf6 152. Bd5 Rg6 153. Kd7 Ra6 154. Bc6 Ra1 155. Kd6 Rf1 156. Be4 Rf6+ 157. Kd5 Rf8 158. Rh6 Rd8+ 159. Kc6 Rc8+ 160. Kb7 Rf8 161. Kb6 Rb8+ 162. Kc6 Rc8+ 163. Kd6 Rd8+ 164. Ke7 Rh8 165. Rb6 Rh5 166. Bg6 Rg5 167. Kd7 Rg3 168. Re6 Re3 169. Be4 Rh3 170. Kc6 Rh8 171. Rd6 Rc8+ 172. Kd5 Rh8 173. Rd7 Rh6 174. Rc7 Kb4 175. Rb7+ Kc3 176. Rb8 Rh5+ 177. Kc6 Rh6+ 178. Kb5 Rh2 179. Rc8 Rh5 1/2-1/2

[Event "Ramat Gan Dov Porat Blitz op"]
[Site "Ramat Gan"]
[Date "2023.10.06"]
[Round "1"]
[White "Allouch, Gavriel"]
[Black "Mesropov, Konstantin Eduard"]
[Result "0-1"]
[WhiteElo "1518"]
[BlackElo "2440"]
[PlyCount "66"]
[EventDate "2023.10.06"]
[EventType "swiss (blitz)"]
[EventRounds "11"]
[EventCountry "ISR"]
[SourceTitle "EXT 2025"]
[Source "ChessBase"]
[SourceDate "2024.10.14"]
[SourceVersion "1"]
[SourceVersionDate "2024.10.14"]
[SourceQuality "1"]

1. e4 e6 2. c4 d5 3. exd5 exd5 4. cxd5 Nf6 5. Qa4+ Nbd7 6. Bc4 Bd6 7. d3 0-0 8. Bb3 Nc5 9. Qc4 b5 10. Qc2 Bf5 11. Ne2 Nxd3+ 12. Kf1 Ng4 13. Ng3 Bg6 14. Qe2 Ngxf2 15. Be3 Bxg3 16. hxg3 Nxh1 17. Qf3 Qd6 18. Nc3 Nxg3+ 19. Kg1 Nf5 20. Bg5 Nd4 21. Qh3 h6 22. Be3 Nxb3 23. axb3 Rfe8 24. Nxb5 Qe7 25. Bxa7 Nf4 26. Qg4 Ne2+ 27. Kh1 h5 28. Qh3 Rxa7 29. Nxa7 h4 30. Nc6 Ng3+ 31. Kh2 Qd6 32. Kg1 Qxd5 33. Nb4 Qd4+ 0-1

[Event "Ramat Gan Dov Porat Blitz op"]
[Site "Ramat Gan"]
[Date "2023.10.06"]
[Round "4"]
[White "Mesropov, Konstantin Eduard"]
[Black "Dezent, Eyal"]
[Result "1-0"]
[WhiteElo "2440"]
[BlackElo "1858"]
[PlyCount "63"]
[EventDate "2023.10.06"]
[EventType "swiss (blitz)"]
[EventRounds "11"]
[EventCountry "ISR"]
[SourceTitle "EXT 2025"]
[Source "ChessBase"]
[SourceDate "2024.10.14"]
[SourceVersion "1"]
[SourceVersionDate "2024.10.14"]
[SourceQuality "1"]

1. d4 d5 2. Bf4 Nf6 3. e3 c5 4. Nf3 Nc6 5. Nbd2 e6 6. c3 Bd6 7. Bg3 0-0 8. Bd3 b6 9. e4 Be7 10. dxc5 bxc5 11. 0-0 Qb6 12. exd5 exd5 13. Rb1 Ba6 14. Bxa6 Qxa6 15. a3 Rfe8 16. Re1 Bf8 17. Qc2 Nh5 18. Qf5 Nxg3 19. hxg3 Ne7 20. Qf4 Qb7 21. b4 Ng6 22. Qf5 Qc6 23. Nb3 Rxe1+ 24. Rxe1 Qa4 25. Nxc5 Bxc5 26. bxc5 Qxa3 27. Qxd5 Rc8 28. Ng5 Qxc5 29. Re8+ Nf8 30. Qxf7+ Kh8 31. Qe6 Rxe8 32. Nf7+ 1-0

[Event "Ramat Gan Dov Porat Blitz op"]
[Site "Ramat Gan"]
[Date "2023.10.06"]
[Round "6"]
[White "Mesropov, Konstantin Eduard"]
[Black "Slobodiansky, Steven"]
[Result "1-0"]
[WhiteElo "2440"]
[BlackElo "2273"]
[PlyCount "105"]
[EventDate "2023.10.06"]
[EventType "swiss (blitz)"]
[EventRounds "11"]
[EventCountry "ISR"]
[SourceTitle "EXT 2025"]
[Source "ChessBase"]
[SourceDate "2024.10.14"]
[SourceVersion "1"]
[SourceVersionDate "2024.10.14"]
[SourceQuality "1"]

1. d4 d5 2. Bf4 Nf6 3. e3 e6 4. Nd2 c5 5. c3 Nc6 6. Ngf3 Bd6 7. Bg3 Bxg3 8. hxg3 Qb6 9. Qb3 0-0 10. Be2 h6 11. 0-0 Qxb3 12. axb3 cxd4 13. exd4 a6 14. b4 Bd7 15. Nb3 Ne4 16. Bd3 Ne7 17. Rfe1 f5 18. Ne5 Bb5 19. f3 Nxg3 20. Nc5 Bxd3 21. Nexd3 Rae8 22. Nxe6 Rf7 23. Kf2 Ne4+ 24. Kg1 Ng6 25. Nef4 Nxf4 26. Nxf4 Nf6 27. Rxe8+ Nxe8 28. Nxd5 Rd7 29. Nb6 Re7 30. Kf2 Nd6 31. c4 f4 32. Nd5 Rd7 33. b3 Nf5 34. Rd1 b5 35. Ke2 Kf7 36. Kd3 g5 37. Ra1 Rd6 38. Re1 Rd7 39. Re5 Nd6 40. c5 Nc8 41. Nc3 Ne7 42. d5 Kf6 43. Re6+ Kf7 44. Re5 Kf6 45. Ke4 Ng6 46. Re6+ Kf7 47. c6 Rc7 48. Rxg6 Kxg6 49. Ke5 Re7+ 50. Kd6 Re3 51. Ne4 Rxe4 52. fxe4 g4 53. c7 1-0

[Event "Ramat Gan Dov Porat Blitz op"]
[Site "Ramat Gan"]
[Date "2023.10.06"]
[Round "8"]
[White "Mesropov, Konstantin Eduard"]
[Black "Uritsky, Yonathan"]
[Result "1-0"]
[WhiteElo "2440"]
[BlackElo "2093"]
[PlyCount "69"]
[EventDate "2023.10.06"]
[EventType "swiss (blitz)"]
[EventRounds "11"]
[EventCountry "ISR"]
[SourceTitle "EXT 2025"]
[Source "ChessBase"]
[SourceDate "2024.10.14"]
[SourceVersion "1"]
[SourceVersionDate "2024.10.14"]
[SourceQuality "1"]

1. d4 Nf6 2. Bf4 c5 3. e3 g6 4. h3 Bg7 5. Nf3 0-0 6. Be2 b6 7. 0-0 Bb7 8. a4 d6 9. a5 bxa5 10. c3 Nc6 11. Nbd2 Nd5 12. Bh2 Nb6 13. dxc5 dxc5 14. Nb3 c4 15. Qxd8 Rfxd8 16. Nc5 Bc8 17. Nd4 Nxd4 18. exd4 e5 19. Bf3 Rb8 20. Rxa5 Nd7 21. Nxd7 Bxd7 22. Bxe5 Bxe5 23. dxe5 Rxb2 24. Rd1 Kf8 25. Rxa7 Ke8 26. Raxd7 Rxd7 27. Bc6 Rbb7 28. Rxd7 Rxd7 29. f4 Ke7 30. Bxd7 Kxd7 31. Kf2 Kc6 32. Ke3 Kd5 33. h4 h5 34. g3 Ke6 35. Ke4 1-0

[Event "Ramat Gan Dov Porat Blitz op"]
[Site "Ramat Gan"]
[Date "2023.10.06"]
[Round "9"]
[White "Noy, Eyal"]
[Black "Mesropov, Konstantin Eduard"]
[Result "0-1"]
[WhiteElo "2077"]
[BlackElo "2440"]
[PlyCount "58"]
[EventDate "2023.10.06"]
[EventType "swiss (blitz)"]
[EventRounds "11"]
[EventCountry "ISR"]
[SourceTitle "EXT 2025"]
[Source "ChessBase"]
[SourceDate "2024.10.14"]
[SourceVersion "1"]
[SourceVersionDate "2024.10.14"]
[SourceQuality "1"]

1. e4 e6 2. d4 d5 3. Nd2 h6 4. c4 dxe4 5. Nxe4 Nf6 6. Nxf6+ Qxf6 7. Nf3 b6 8. Be2 Bb4+ 9. Bd2 Bxd2+ 10. Qxd2 Bb7 11. Qe3 Nd7 12. 0-0 0-0 13. Rad1 Rad8 14. Rd2 Qg6 15. Bd3 Qh5 16. Be4 Bxe4 17. Qxe4 Qa5 18. a3 Qa6 19. Rc1 c5 20. Qh4 Nf6 21. Ne5 Qc8 22. Rcd1 Qc7 23. Qf4 Rfe8 24. dxc5 Rxd2 25. Rxd2 bxc5 26. b4 a6 27. Qe3 cxb4 28. axb4 Rb8 29. Qb3 Qxe5 0-1

[Event "Ramat Gan Dov Porat Blitz op"]
[Site "Ramat Gan"]
[Date "2023.10.06"]
[Round "10"]
[White "Zoler, Dan"]
[Black "Mesropov, Konstantin Eduard"]
[Result "0-1"]
[WhiteElo "2460"]
[BlackElo "2440"]
[PlyCount "118"]
[EventDate "2023.10.06"]
[EventType "swiss (blitz)"]
[EventRounds "11"]
[EventCountry "ISR"]
[SourceTitle "EXT 2025"]
[Source "ChessBase"]
[SourceDate "2024.10.14"]
[SourceVersion "1"]
[SourceVersionDate "2024.10.14"]
[SourceQuality "1"]

1. d4 d5 2. c4 e6 3. Nf3 c6 4. Nbd2 f5 5. g3 Nf6 6. Bg2 Bd6 7. 0-0 0-0 8. b3 Ne4 9. Bb2 Nd7 10. Ne5 Nxd2 11. Qxd2 Nxe5 12. dxe5 Be7 13. Rfd1 Kh8 14. a4 a5 15. Ba3 Bxa3 16. Rxa3 Qe7 17. Raa1 Bd7 18. Rac1 g5 19. e3 f4 20. exf4 gxf4 21. cxd5 exd5 22. Qd4 Be6 23. Rc3 Qg5 24. Re1 h5 25. Rf3 fxg3 26. hxg3 Rxf3 27. Bxf3 Rf8 28. Re3 Kh7 29. Be2 Kh6 30. Kg2 Qf5 31. Rf3 Qh3+ 32. Kg1 Rxf3 33. Bxf3 Qf5 34. Qe3+ Qg5 35. Qd4 Qf5 36. Kg2 Qh3+ 37. Kg1 Qf5 38. Bd1 Kg7 39. Kg2 Qh3+ 40. Kg1 Qf5 41. Kg2 Qh3+ 42. Kg1 Qf5 43. Kg2 Qe4+ 44. Qxe4 dxe4 45. f4 exf3+ 46. Bxf3 Bxb3 47. Bxh5 Bxa4 48. Kf2 Bb3 49. Ke3 a4 50. Kd2 a3 51. Kc3 a2 52. Kb2 Be6 53. Bf3 Kh6 54. Be2 Kg5 55. g4 Kf4 56. Bd1 Kxe5 57. Be2 Kf4 58. Bd3 Kxg4 59. Bc2 Kf4 0-1